Corruption /
Guardado en:
| Autor principal: | |
|---|---|
| Otros Autores: | |
| Formato: | Libro |
| Etiquetas: |
Agregar Etiqueta
Sin Etiquetas, Sea el primero en etiquetar este registro!
|
MARC
| LEADER | 00000nam a22000007a 4500 | ||
|---|---|---|---|
| 003 | cru CIDCACS/IIS | ||
| 005 | 20221028062551.0 | ||
| 007 | ta | ||
| 008 | 191212t2004 -us |||||r||||||0| ||eng|d | ||
| 999 | |c 42768 |d 42768 | ||
| 040 | |c cru CIDCACS/IIS | ||
| 090 | |a CR.01.04.03 C838c | ||
| 100 | 1 | |9 8880 |a González, Alfonso | |
| 245 | 1 | |a Corruption / |c Alfonso González, Manuel Solís | |
| 300 | |a páginas 323-333: |b tablas | ||
| 700 | 1 | |a Solís Avendaño, Manuel Antonio |d 1952- |9 7547 | |
| 773 | 0 | |0 42764 |9 4122 |a Palmer, Steven Paul |d Durham, California del Norte: Duke University Press, 2004 |o 02910 |t The Costa Rica reader: |x 0822333724 | |
| 942 | |2 ddc |c LI | ||
